Time-varying performance of four Asia-Pacific REITs (Record no. 80408)
[ view plain ]
| 000 -LEADER | |
|---|---|
| fixed length control field | 00977cab a22002175a 4500 |
| 001 - CONTROL NUMBER | |
| control field | L144263 |
| 008 - FIXED-LENGTH DATA ELEMENTS--GENERAL INFORMATION | |
| fixed length control field | 080707s2008 xxkad f s 000 0 eng d |
| 035 ## - SYSTEM CONTROL NUMBER | |
| System control number | (Sirsi) u144263 |
| 041 0# - LANGUAGE CODE | |
| Language code of text/sound track or separate title | eng |
| 100 1# - MAIN ENTRY--PERSONAL NAME | |
| Personal name | Chiang, Yat-Hung |
| 245 00 - TITLE STATEMENT | |
| Title | Time-varying performance of four Asia-Pacific REITs |
| 260 ## - PUBLICATION, DISTRIBUTION, ETC. | |
| Date of publication, distribution, etc. | 2008 |
| 490 #0 - SERIES STATEMENT | |
| Series statement | Journal of Property Investment and Finance |
| Volume/sequential designation | 26(3) 2008, 210-231(22) |
| 520 ## - SUMMARY, ETC. | |
| Summary, etc. | Aims to determine the relationships between REITs returns and those of other financial and real unsecuritised assets globally. Finds that the correlation between REIT returns and other assets differs from country to country and in time. Suggests REITS can help diversify a portfolio, but should not be seen as a replacement for direct property investment. |
| 590 ## - LOCAL NOTE (RLIN) | |
| Local note | KA |
| 651 #4 - SUBJECT ADDED ENTRY--GEOGRAPHIC NAME | |
| Geographic name | Asia Pacific |
| 690 ## - LOCAL SUBJECT ADDED ENTRY--TOPICAL TERM (OCLC, RLIN) | |
| Topical term or geographic name as entry element | PROPERTY-PROPERTY FINANCE AND INVESTMENT-REAL ESTATE INVESTMENT TRUSTS |
| 700 1# - ADDED ENTRY--PERSONAL NAME | |
| Personal name | So Chun Kei, Joinkey |
| 700 1# - ADDED ENTRY--PERSONAL NAME | |
| Personal name | Tang, Bo-Sin |
| 942 ## - ADDED ENTRY ELEMENTS (KOHA) | |
| Suppress in OPAC | 0 |
| Withdrawn status | Lost status | Source of classification or shelving scheme | Damaged status | Not for loan | Home library | Current library | Shelving location | Date acquired | Total Checkouts | Full call number | Barcode | Date last seen | Copy number | Price effective from | Koha item type |
|---|---|---|---|---|---|---|---|---|---|---|---|---|---|---|---|
| Dewey Decimal Classification | London | London | Journal article | 07/07/2008 | L144263 | 144263-1001 | 06/08/2019 | 1 | 06/08/2019 | Journal article |